header

Saving Cape Hatteras Lighthouse from the sea (Record no. 33628)

MARC details
000 -LEADER
fixed length control field 01814nam a2200325Ia 4500
245 10 - TITLE STATEMENT
Title Saving Cape Hatteras Lighthouse from the sea
260 ## - PUBLICATION, DISTRIBUTION, ETC. (IMPRINT)
Place of publication Washington, D.C. :
Name of publisher National Academy Press,
Year of publication 1988.
300 ## - PHYSICAL DESCRIPTION
Number of Pages xiii, 136 p. :
Other physical details ill.
500 ## - GENERAL NOTE
General note Committee chairman : Rutherford H. Platt.
650 #0 - SUBJECT ADDED ENTRY--TOPICAL TERM
Topical Term Historic buildings
Topical Term Lighthouses
700 1# - ADDED ENTRY--PERSONAL NAME
Personal name Platt, Rutherford H.
856 40 - ELECTRONIC LOCATION AND ACCESS
Uniform Resource Identifier http://site.ebrary.com/lib/rucke/Doc?id=10072006

No items available.

© 2026 Rongo University
Contact us: librarian | system librarian | Rongo university